00623nmm a2200169Ia 4500008004100000020001800041041000800059100002600067245010600093264009100199300001800290490005600308650001400364856005100378942000700429999001700436251105s9999||||xx |||||||||||||||||und|| a9788499800936 aeng aHouse, Susan (coord.) 0aInglés : complementos de formación disciplinar : Theory and practice in English Language Teaching a[Madrid, España] :bMinisterio de Educación, Cultura y Deporte de España, c2011 a160 páginas aFormación del profesorado. Educación secundaria aEducation uhttps://public.digitaliapublishing.com/a/30208 cCF c93244d93244